Guess the Taylor Swift Song (no hints) 93 - Statistics

General Stats
  • This quiz has been taken 106 times
  • The average score is 180 of 267
Answer Stats
Answer % Correct
I,
100%
I
100%
a
98%
you
98%
you,
98%
And
95%
and
95%
it
95%
the
95%
your
95%
Your
95%
do
90%
all
87%
is
87%
Is
87%
my
87%
we
87%
you're
87%
like
85%
to
85%
be
84%
don't
84%
It's
84%
know
82%
just
80%
That
80%
As
79%
as
79%
If
79%
if
79%
of
79%
say
79%
This
79%
they
77%
too
77%
But
75%
I'll
75%
mine
72%
with
72%
hear
70%
I'd
70%
are
69%
can't
67%
get
67%
think
66%
night
64%
Out
62%
would
62%
will
59%
eye
57%
has
57%
should,
57%
should
57%
anything
56%
nothing
56%
hands
54%
long
51%
mind
51%
touch
51%
close
49%
home
48%
lips
48%
alone
46%
away
44%
Put
44%
treacherous
44%
much
43%
stay
41%
through
41%
slope
39%
walk
39%
follow
38%
going
38%
'Til
36%
own
34%
shine
34%
sound
34%
Two
34%
along
33%
drive
33%
Getting
33%
reckless
33%
voice
33%
worth
33%
Asking
31%
focus,
31%
headlights
31%
sleepless
31%
bone
30%
choice
30%
Forever
30%
gravity's
30%
path
30%
quicksand
30%
skin
30%
smart
30%
swept
30%
hope
28%
dangerous
26%
daydream
26%
name
26%
Trained
26%
flow
25%
decide
23%
echoed
23%
friction
23%
safe
23%
No matching quizzes found
Score Distribution
Percent of People with Each Score
Percentile by Number Answered
Your Score History
You have not taken this quiz